000 01813cam a2200289 4500500
005 20260329004624.0
041 _afre
042 _adc
100 1 0 _aBoyer, Pierre-Louis
_eauthor
245 0 0 _aGustave Thibon, Josef Pieper et Gabriel Marcel, apôtres de l’espérance
260 _c2025.
500 _a38
520 _aEn plein siècle de la désespérance, trois philosophes, de trois manières différentes, ont traité de la vertu d’Espérance que le pape François a érigée comme vertu centrale de l’année Jubilaire 2025. Ces trois penseurs (Gustave Thibon, Josef Pieper et Gabriel Marcel) ont souligné les éléments fondamentaux de cette vertu nécessaire au pèlerin terrestre, à l’homo viator, qu’est le chrétien dans ses tribulations mondaines en vue de la fin espérée : la Béatitude.
520 _aIn the midst of the century of despair, three philosophers, in three different ways, have thought about the virtue of Hope. In this year 2025, Pope Francis has erected Hope as the central virtue of the Jubilee. These three thinkers (Gustave Thibon, Josef Pieper and Gabriel Marcel) underlined the fundamental elements of this virtue of Hope necessary to the earthly pilgrim, the homo viator, that is the Christian in his worldly tribulations in view of the hoped-for end: Beatitude.
690 _aAnthropologie chrétienne
690 _aBéatitude
690 _aCommunion
690 _aDésespoir
690 _aEspérance
690 _aBeatitude
690 _aChristian Anthropology
690 _aCommunion
690 _aDespair
690 _aHope
786 0 _nNouvelle revue théologique | 147 | 3 | 2025-06-02 | p. 415-432 | 0029-4845
856 4 1 _uhttps://shs.cairn.info/revue-nouvelle-revue-theologique-2025-3-page-415?lang=fr&redirect-ssocas=7080
999 _c1835751
_d1835751